Statistics for ♫ "God is Really Real" - Lyrics - AJR ♫

Click here to take the quiz!

General Stats

  • This quiz has been taken 46 times
  • The average score is 254 of 312

Answer Stats

Lyric% Correct
go
100%
I
100%
a
97%
and
97%
And
97%
God
97%
is
97%
real
97%
the
97%
The
97%
be
94%
can't
94%
his
94%
in
94%
It
94%
it
94%
my
94%
My
94%
of
94%
out
94%
really
94%
really,
94%
So
94%
you
94%
you,
94%
You
94%
bed
91%
dad,
91%
dad
91%
get
91%
he
91%
him
91%
Just
91%
just
91%
lungs
91%
need
91%
No,
91%
on,
91%
on
91%
Some
91%
something
91%
that
91%
What
91%
what
91%
when
91%
When
91%
doctor
88%
for
88%
Karma
88%
that's
88%
there's
88%
There's
88%
think
88%
We
88%
we
88%
appears
85%
at
85%
band
85%
clear
85%
Hear
85%
hear
85%
loud
85%
Now
85%
now
85%
said
85%
as
82%
believe
82%
fuckin'
82%
goes
82%
gotta
82%
he's
82%
it's
82%
long
82%
not
82%
ten
82%
to
82%
fake
79%
God's
79%
Paris
79%
suddenly
79%
thing
79%
'til
79%
your
79%
important
76%
leave
76%
Life's
76%
like
76%
men
76%
New
76%
stops
76%
Times
76%
York
76%
always
74%
convenient
74%
world
74%
are
71%
did
71%
Earth
71%
head
71%
I'll
71%
one
71%
publishing
71%
sad
71%
spinning
71%
art
68%
'Cause
68%
could
68%
don't
68%
Don't
68%
good
68%
Mars
68%
problems
68%
sneak
68%
too
68%
with
68%
everybody's
65%
if
65%
meds
65%
robots
65%
This
65%
this
65%
up
65%
wanna
65%
way
65%
will
65%
come
62%
Come
62%
day
62%
our
62%
Our
62%
tryna
62%
wakes
62%
each
59%
lawns
59%
mine
59%
still
59%
tonight?
59%
wet
59%
break
56%
dads
56%
happen
56%
happens
56%
kind
56%
other
56%
roadie
56%
along
53%
distract
53%
doctors
53%
manly
53%
we'll
53%
sing
47%
we're
47%
about
44%
cry
44%
jokes
44%
late,
44%
lots
44%
love
44%
won't
44%
corny
41%
feelings
41%
making
41%
song
41%
face
38%
instead
38%
sounds
38%
wrote
38%
all
35%
you're
35%

Score Distribution

Percentile by Number Answered

Percent of People with Each Score

Your Score History

You have not taken this quiz